[Event "4NCL Division 3 North"]
[Site "Bolton, ENG"]
[Date "2019.05.05"]
[Round "10.11"]
[White "Rutter, Nick J"]
[Black "Weller, Jean-Luc"]
[Result "1-0"]
[WhiteElo "2297"]
[BlackElo "2241"]
[PlyCount "137"]
[EventDate "2019.05.05"]
[WhiteTeam "Shropshire 1"]
[BlackTeam "White Rose 2"]

1. e4 e6 2. d4 d5 3. Bd3 dxe4 4. Bxe4 Nf6 5. Bf3 c5 6. Ne2 Nc6 7. Be3 Nd5 8.
Bxd5 Qxd5 9. Nbc3 Qd8 10. dxc5 Qxd1+ 11. Rxd1 Bd7 12. a3 O-O-O 13. b4 Ne5 14.
O-O Nc4 15. Bf4 e5 16. Bg3 f6 17. a4 a5 18. c6 bxc6 19. bxa5 g5 20. h4 h6 21.
a6 Be7 22. Rfe1 Bf5 23. Nd4 Bb4 24. Nxf5 Bxc3 25. Rxd8+ Kxd8 26. Rb1 Kd7 27.
Rb7+ Ke6 28. a7 Ra8 29. Ng7+ Kd5 30. Ne8 c5 31. Nxf6+ Kc6 32. Rh7 gxh4 33. Bxh4
Nd6 34. Bg3 Nf5 35. Ne4 Bd4 36. Bh2 Kd5 37. Nf6+ Ke6 38. Ng4 h5 39. Nh6 Ne7 40.
Nf7 Rxa7 41. Nd8+ Kd6 42. Rxh5 Rxa4 43. Bxe5+ Kd7 44. Bxd4 cxd4 45. Nf7 Ke6 46.
Ng5+ Kd5 47. Nf3+ Kc4 48. Kh2 Ra2 49. Rh7 Nd5 50. Rh4 Rxc2 51. Rxd4+ Kc5 52.
Rd2 Rc3 53. Ng5 Rc4 54. f3 Kd6 55. Ne4+ Ke5 56. Kg3 Rb4 57. Nf2 Ke6 58. Ng4 Nf4
59. Ra2 Ng6 60. Ra6+ Kf7 61. Ra7+ Ke6 62. Ne3 Rb3 63. Ra6+ Kf7 64. Nd5 Rb2 65.
Rf6+ Kg7 66. Rb6 Rd2 67. Rb7+ Kh6 68. Nf6 Rc2 69. Ng4+ 1-0

[Event "4NCL Division 3 North"]
[Site "Bolton, ENG"]
[Date "2019.05.05"]
[Round "10.12"]
[White "Wall, Tim P"]
[Black "Whyte, Brian G"]
[Result "1/2-1/2"]
[WhiteElo "2241"]
[BlackElo "2072"]
[PlyCount "37"]
[EventDate "2019.05.05"]
[WhiteTeam "White Rose 2"]
[BlackTeam "Shropshire 1"]

1. d4 Nf6 2. Bg5 g6 3. Bxf6 exf6 4. e3 d6 5. Nd2 Bg7 6. Ne2 Nd7 7. g3 f5 8. Bg2
Nf6 9. c4 c6 10. b4 O-O 11. O-O h5 12. b5 Qc7 13. bxc6 bxc6 14. Rb1 Bd7 15. Qa4
Rab8 16. Rb3 d5 17. Qa6 dxc4 18. Rxb8 Rxb8 19. Nc3 1/2-1/2

[Event "4NCL Division 3 North"]
[Site "Bolton, ENG"]
[Date "2019.05.05"]
[Round "10.13"]
[White "Higgie, Charles L"]
[Black "Townsend, M Paul"]
[Result "0-1"]
[WhiteElo "2005"]
[BlackElo "2224"]
[PlyCount "74"]
[EventDate "2019.05.05"]
[WhiteTeam "Shropshire 1"]
[BlackTeam "White Rose 2"]

1. d4 Nf6 2. c4 e6 3. Nc3 d5 4. Bg5 Be7 5. e3 Nbd7 6. Nf3 h6 7. Bh4 O-O 8. Be2
c5 9. O-O dxc4 10. dxc5 Nxc5 11. Bxc4 b6 12. Qxd8 Rxd8 13. Rfd1 Bb7 14. Rxd8+
Rxd8 15. Rd1 Rc8 16. Kf1 Kf8 17. Ke2 Na4 18. Nxa4 Rxc4 19. Rd4 Rxd4 20. exd4
Nd5 21. Bg3 Bc6 22. Nc3 Nxc3+ 23. bxc3 Bd5 24. a4 Ke8 25. Bb8 a5 26. Ne5 f6 27.
Nd3 Kd7 28. f3 Bb3 29. Kd2 g5 30. Kc1 Bxa4 31. Kb2 Bb5 32. Nf2 Bf1 33. Ng4 Bxg2
34. Nxh6 Bxf3 35. Ng8 Bd8 36. Bg3 f5 37. Be5 Bc7 0-1

[Event "4NCL Division 3 North"]
[Site "Bolton, ENG"]
[Date "2019.05.05"]
[Round "10.14"]
[White "Gayson, Peter M"]
[Black "Bryant, Richard B E"]
[Result "0-1"]
[WhiteElo "2125"]
[BlackElo "1967"]
[PlyCount "88"]
[EventDate "2019.05.05"]
[WhiteTeam "White Rose 2"]
[BlackTeam "Shropshire 1"]

1. e4 e6 2. d4 d5 3. Nd2 Nf6 4. e5 Nfd7 5. Bd3 c5 6. c3 Nc6 7. Ne2 cxd4 8. cxd4
f6 9. exf6 Nxf6 10. Nf3 Bd6 11. O-O Qc7 12. g3 O-O 13. Bf4 Bd7 14. Rc1 Be8 15.
Bxd6 Qxd6 16. Nf4 Ne4 17. Bxe4 dxe4 18. Ng5 Rxf4 19. gxf4 Qxf4 20. Nxe6 Qh6 21.
Qg4 Bg6 22. Rc3 Re8 23. Rg3 Qd2 24. Nf4 Nxd4 25. Nxg6 Ne2+ 26. Kg2 Nxg3 27. Rd1
Qe2 28. Ne7+ Kf8 29. Qf4+ Kxe7 30. Qd6+ Kf7 31. hxg3 Qf3+ 32. Kg1 Kg8 33. Qd5+
Qf7 34. Qd4 e3 35. fxe3 Qf3 36. Qc4+ Kh8 37. Rd3 Qxg3+ 38. Kh1 Qf3+ 39. Kg1 Rf8
40. Rc3 Qf2+ 41. Kh1 Qe1+ 42. Kg2 Rf2+ 43. Kh3 Qh1+ 44. Kg4 Qg1+ 0-1

[Event "4NCL Division 3 North"]
[Site "Bolton, ENG"]
[Date "2019.05.05"]
[Round "10.15"]
[White "Gostelow, David W"]
[Black "Burnett, Jim"]
[Result "0-1"]
[WhiteElo "1922"]
[BlackElo "2117"]
[PlyCount "70"]
[EventDate "2019.05.05"]
[WhiteTeam "Shropshire 1"]
[BlackTeam "White Rose 2"]

1. d4 d5 2. Bf4 Nf6 3. e3 c5 4. c3 Nc6 5. Bd3 Qb6 6. b3 Bg4 7. f3 Bh5 8. Ne2 e6
9. O-O Bg6 10. Bxg6 hxg6 11. h3 Be7 12. Qd3 O-O 13. Nd2 Rfd8 14. Rfd1 Rac8 15.
Rab1 Nh5 16. Bh2 cxd4 17. exd4 e5 18. Kh1 exd4 19. Nxd4 Nxd4 20. cxd4 Bd6 21.
Rbc1 Bxh2 22. Kxh2 Qd6+ 23. Kg1 Nf4 24. Qf1 Rxc1 25. Rxc1 Qb6 26. Rd1 Qxd4+ 27.
Qf2 Qxf2+ 28. Kxf2 Rc8 29. Kg3 Ne6 30. f4 Rc2 31. Nf3 Rxa2 32. Rxd5 Rxg2+ 33.
Kh4 f6 34. Rd7 Nxf4 35. Rxb7 g5+ 0-1

[Event "4NCL Division 3 North"]
[Site "Bolton, ENG"]
[Date "2019.05.05"]
[Round "10.16"]
[White "Shaw, Peter"]
[Black "Bennion, David"]
[Result "1-0"]
[WhiteElo "2096"]
[BlackElo "1930"]
[PlyCount "67"]
[EventDate "2019.05.05"]
[WhiteTeam "White Rose 2"]
[BlackTeam "Shropshire 1"]

1. d4 Nf6 2. c4 e5 3. dxe5 Ng4 4. Bf4 Nc6 5. Nf3 Bb4+ 6. Nbd2 Qe7 7. e3 Ncxe5
8. Nxe5 Nxe5 9. Be2 O-O 10. a3 Bxd2+ 11. Qxd2 d6 12. O-O f5 13. Bg3 Be6 14. c5
Rad8 15. cxd6 cxd6 16. Rac1 g5 17. Rc3 Ng6 18. f3 f4 19. Bf2 Qg7 20. Rfc1 Qf6
21. Rc7 Ne5 22. Rxb7 Rc8 23. Rcc7 Rxc7 24. Rxc7 Qd8 25. Qc3 Qf6 26. Qd4 g4 27.
exf4 gxf3 28. fxe5 dxe5 29. Qe4 Bf5 30. Qxf3 e4 31. Bc4+ Kh8 32. Qc3 Qxc3 33.
bxc3 Re8 34. Bd4+ 1-0

[Event "4NCL Division 3 North"]
[Site "Bolton, ENG"]
[Date "2019.05.05"]
[Round "10.21"]
[White "Clarke, Stuart W"]
[Black "Turner, John M"]
[Result "1-0"]
[WhiteElo "2208"]
[BlackElo "1993"]
[PlyCount "67"]
[EventDate "2019.05.05"]
[WhiteTeam "3Cs 2"]
[BlackTeam "Holmes Chapel"]

1. e4 d5 2. exd5 Qxd5 3. Nf3 Bg4 4. Be2 Nc6 5. d4 O-O-O 6. Be3 e5 7. c4 Qa5+ 8.
Bd2 Bb4 9. d5 Bxf3 10. Bxf3 Nd4 11. Nc3 Nf6 12. O-O Qc5 13. b3 Rhe8 14. a3 Bxa3
15. Be3 Bb4 16. Nb5 a6 17. Nxd4 exd4 18. Bxd4 Qd6 19. Qd3 c5 20. Bb2 g6 21. g3
Nd7 22. Bg2 Ne5 23. Qc2 f5 24. Rad1 Rf8 25. Bc1 Qf6 26. f4 Nf7 27. Bb2 Qd6 28.
Rf3 Rfe8 29. Qf2 Re7 30. Re3 Rde8 31. Rdd3 h5 32. Qf3 Kd7 33. Re6 Qc7 34. d6
1-0

[Event "4NCL Division 3 North"]
[Site "Bolton, ENG"]
[Date "2019.05.05"]
[Round "10.22"]
[White "Doran, Chris"]
[Black "Bentley, John L"]
[Result "1-0"]
[WhiteElo "1965"]
[BlackElo "2142"]
[PlyCount "84"]
[EventDate "2019.05.05"]
[WhiteTeam "Holmes Chapel"]
[BlackTeam "3Cs 2"]

1. e4 c5 2. Nf3 Nc6 3. d4 cxd4 4. Nxd4 g6 5. Nc3 Bg7 6. Be3 Nf6 7. Bc4 O-O 8.
Bb3 a6 9. f3 Qc7 10. Qd2 b5 11. a3 Na5 12. Ba2 Bb7 13. O-O-O Rfd8 14. h4 h5 15.
Bg5 Nc4 16. Bxc4 Qxc4 17. e5 Nd5 18. Nxd5 Qxd5 19. Bxe7 Qa2 20. Qf4 Rdc8 21. c3
Rc4 22. Kc2 Rac8 23. Bb4 R8c7 24. Nb3 Rxb4 25. axb4 Qa4 26. Qd4 Rc4 27. Qxd7
Bc8 28. Qe8+ Kh7 29. g4 hxg4 30. fxg4 Be6 31. h5 Rxc3+ 32. bxc3 Qxb3+ 33. Kd2
Bh6+ 34. g5 Bxg5+ 35. Ke2 Qc2+ 36. Kf3 Qf5+ 37. Kg2 Qg4+ 38. Kf2 Qf5+ 39. Kg2
Qe4+ 40. Kf2 Be3+ 41. Ke1 Bf4+ 42. Kf2 Qe3+ 1-0

[Event "4NCL Division 3 North"]
[Site "Bolton, ENG"]
[Date "2019.05.05"]
[Round "10.23"]
[White "Lea, Daniel J"]
[Black "Bennett, Patrick"]
[Result "1-0"]
[WhiteElo "2102"]
[BlackElo "1997"]
[PlyCount "113"]
[EventDate "2019.05.05"]
[WhiteTeam "3Cs 2"]
[BlackTeam "Holmes Chapel"]

1. d4 g6 2. c4 Bg7 3. Nc3 d6 4. Nf3 Nd7 5. e4 e5 6. Be2 Ngf6 7. O-O O-O 8. Be3
c6 9. Qc2 Qc7 10. Rad1 a6 11. a3 Re8 12. dxe5 dxe5 13. Na4 c5 14. Nc3 b6 15.
Nd5 Nxd5 16. cxd5 Qd6 17. a4 Rb8 18. Rc1 Bf8 19. Nd2 b5 20. b3 Qc7 21. Qc3 Bd6
22. Rc2 Qd8 23. Bg4 Nb6 24. Bxc8 Rxc8 25. Qa5 Qc7 26. axb5 Nxd5 27. Qxc7 Nxc7
28. b6 Ne6 29. Nc4 Nd4 30. Bxd4 cxd4 31. Nxd6 Rxc2 32. Nxe8 Rb2 33. Nd6 Rxb3
34. b7 Kf8 35. Nc4 Rxb7 36. Nxe5 a5 37. g3 a4 38. Ra1 Ra7 39. Nc6 Rc7 40. Nxd4
Rc4 41. Ne2 Ke7 42. Kf1 Kd6 43. Ke1 Rxe4 44. Kd2 Kc5 45. Nc3 Rb4 46. Kc2 Kd4
47. Rxa4 Rxa4 48. Nxa4 Ke4 49. Kd2 Kf3 50. Ke1 g5 51. Kf1 h5 52. Nc5 h4 53.
gxh4 gxh4 54. h3 f5 55. Nb3 Ke4 56. Ke2 Kf4 57. Nd2 1-0

[Event "4NCL Division 3 North"]
[Site "Bolton, ENG"]
[Date "2019.05.05"]
[Round "10.24"]
[White "Hancock, Michael L"]
[Black "Burton, Graham P"]
[Result "1-0"]
[WhiteElo "1892"]
[BlackElo "2072"]
[PlyCount "67"]
[EventDate "2019.05.05"]
[WhiteTeam "Holmes Chapel"]
[BlackTeam "3Cs 2"]

1. e4 c5 2. Nf3 e6 3. d4 cxd4 4. Nxd4 Nc6 5. a3 Qc7 6. Nc3 a6 7. Be3 b5 8. Be2
Bb7 9. O-O Nf6 10. Qd2 Rc8 11. Nxc6 Bxc6 12. Bd3 Qb7 13. f3 d6 14. Qe2 Be7 15.
a4 bxa4 16. Bxa6 Qxb2 17. Bd4 Qb8 18. Rfb1 Qa8 19. Bxc8 Qxc8 20. Nxa4 O-O 21.
Nb6 Qc7 22. Nc4 Rb8 23. Bb6 Qd7 24. Qd1 Ne8 25. Ra7 Rb7 26. Rxb7 Bxb7 27. Na5
Ba8 28. c4 Nf6 29. Qb3 h6 30. Be3 Kh7 31. Qb8 Bc6 32. Rd1 Ba4 33. Rd2 Bd8 34.
Rxd6 1-0

[Event "4NCL Division 3 North"]
[Site "Bolton, ENG"]
[Date "2019.05.05"]
[Round "10.25"]
[White "Hazlehurst, Cory S"]
[Black "Laurence, Geoff"]
[Result "1-0"]
[WhiteElo "2042"]
[BlackElo "1897"]
[PlyCount "67"]
[EventDate "2019.05.05"]
[WhiteTeam "3Cs 2"]
[BlackTeam "Holmes Chapel"]

1. d4 Nc6 2. Nf3 d5 3. Bf4 Nf6 4. e3 e6 5. h3 a6 6. c4 dxc4 7. Bxc4 Bb4+ 8.
Nbd2 Ne4 9. O-O Nxd2 10. Nxd2 O-O 11. Ne4 Bd6 12. Nxd6 cxd6 13. Qh5 Qe7 14.
Rad1 g6 15. Qh6 b5 16. Bb3 Na5 17. Bc2 Bb7 18. h4 Rac8 19. Bb1 f6 20. h5 e5 21.
Bg3 gxh5 22. Qxh5 Rf7 23. Bf5 Rd8 24. dxe5 fxe5 25. e4 Rdf8 26. Bh4 Qc7 27. Rc1
Qb6 28. Be6 Bxe4 29. Rc8 Bg6 30. Bxf7+ Bxf7 31. Qg5+ Bg6 32. Rxf8+ Kxf8 33.
Qe7+ Kg8 34. Rc1 1-0

[Event "4NCL Division 3 North"]
[Site "Bolton, ENG"]
[Date "2019.05.05"]
[Round "10.26"]
[White "Jones, Dewi"]
[Black "Burke, Mitchell R"]
[Result "0-1"]
[WhiteElo "1522"]
[BlackElo "2027"]
[PlyCount "53"]
[EventDate "2019.05.05"]
[WhiteTeam "Holmes Chapel"]
[BlackTeam "3Cs 2"]

1. e4 c5 2. Nc3 g6 3. f4 Bg7 4. Nf3 Nc6 5. Bb5 Nd4 6. O-O a6 7. Bc4 e6 8. d3
Ne7 9. e5 d5 10. exd6 Qxd6 11. Ne4 Qc7 12. c3 Nxf3+ 13. Qxf3 Rb8 14. Be3 b6 15.
d4 Bb7 16. f5 Bxe4 17. Qxe4 exf5 18. Bxf7+ Kxf7 19. Bf4 Qb7 20. Qd3 Rbd8 21.
Qc4+ Qd5 22. Qxa6 cxd4 23. Qxb6 dxc3 24. bxc3 Bxc3 25. Qc7 Bxa1 26. Bg5 Rd7 27.
Qf4 0-1

[Event "4NCL Division 3 North"]
[Site "Bolton, ENG"]
[Date "2019.05.05"]
[Round "10.31"]
[White "Boswell, Jacob Connor"]
[Black "Rawlinson, Aidan M"]
[Result "0-1"]
[WhiteElo "2095"]
[BlackElo "2177"]
[PlyCount "90"]
[EventDate "2019.05.05"]
[WhiteTeam "Cheddleton 2"]
[BlackTeam "Manchester Manticores 2"]

1. d4 g6 2. e4 Bg7 3. Bc4 d6 4. Nf3 Nf6 5. Qe2 O-O 6. O-O Bg4 7. Rd1 Nc6 8. h3
Bxf3 9. Qxf3 e5 10. c3 Nd7 11. Be3 Qh4 12. Qg4 Qxg4 13. hxg4 exd4 14. cxd4 Nf6
15. f3 d5 16. exd5 Nb4 17. Rd2 Nfxd5 18. Bg5 Nb6 19. Bb3 a5 20. a3 Nc6 21. Be3
Rfe8 22. Kf2 a4 23. Ba2 Na5 24. Nc3 Nbc4 25. Re2 Nxe3 26. Rxe3 Bxd4 27. Ne4 Kg7
28. g5 Nb3 29. Bxb3 axb3 30. Ke2 Bxe3 31. Kxe3 Ra5 32. Kd4 Rxe4+ 33. Kxe4 Rxg5
34. g4 Rc5 35. f4 Rc2 36. Rb1 Kf6 37. Kf3 Ke6 38. Re1+ Kd6 39. Rd1+ Kc6 40. Rb1
Kb5 41. g5 Kc4 42. Ke3 c5 43. f5 gxf5 44. Kf4 Kd3 45. Kxf5 Rf2+ 0-1

[Event "4NCL Division 3 North"]
[Site "Bolton, ENG"]
[Date "2019.05.05"]
[Round "10.32"]
[White "Celinski, Kamil"]
[Black "Acey, Gerald"]
[Result "1/2-1/2"]
[WhiteElo "2177"]
[BlackElo "2102"]
[PlyCount "100"]
[EventDate "2019.05.05"]
[WhiteTeam "Manchester Manticores 2"]
[BlackTeam "Cheddleton 2"]

1. e4 e5 2. Nf3 Nc6 3. Bb5 a6 4. Ba4 Nf6 5. O-O Be7 6. Re1 b5 7. Bb3 d6 8. c3
O-O 9. h3 Na5 10. Bc2 c5 11. d4 Qc7 12. d5 Bd7 13. Nbd2 g6 14. Nf1 Nh5 15. N3h2
Nc4 16. b3 Nb6 17. Ng4 Kh8 18. Bh6 Ng7 19. Qd2 f5 20. exf5 Bxf5 21. Nfe3 Bxc2
22. Qxc2 Rf7 23. Rad1 Qd8 24. Nf1 Bg5 25. Ng3 Bxh6 26. Nxh6 Rf8 27. Ne4 Nf5 28.
Qd2 Qe7 29. Ng4 Rac8 30. f4 Nd7 31. fxe5 Nxe5 32. Nxe5 Qxe5 33. Nxc5 Qg3 34.
Ne4 Qh4 35. Rc1 Rce8 36. Ng5 Ng3 37. Rxe8 Rxe8 38. Ne6 Qf6 39. Re1 Rc8 40. Nd4
Rf8 41. Nf3 Rc8 42. c4 bxc4 43. bxc4 Rxc4 44. Qh6 Re4 45. Rxe4 Nxe4 46. Qe3 Ng3
47. Nd4 Nf5 48. Nxf5 gxf5 49. Kh2 Kg7 50. Qg3+ Kf7 1/2-1/2

[Event "4NCL Division 3 North"]
[Site "Bolton, ENG"]
[Date "2019.05.05"]
[Round "10.33"]
[White "Richardson, Alex"]
[Black "Furness, Robert M"]
[Result "1-0"]
[WhiteElo "2131"]
[BlackElo "2057"]
[PlyCount "127"]
[EventDate "2019.05.05"]
[WhiteTeam "Cheddleton 2"]
[BlackTeam "Manchester Manticores 2"]

1. c4 e5 2. Nc3 Nf6 3. Nf3 Nc6 4. e3 d5 5. cxd5 Nxd5 6. Bb5 Nxc3 7. bxc3 Bd6 8.
d4 e4 9. Nd2 Qg5 10. Bf1 Qg6 11. Qc2 O-O 12. Qxe4 Bf5 13. Qd5 a6 14. Be2 Rae8
15. h3 Be6 16. Qe4 f5 17. Qf3 Qf7 18. O-O Bd5 19. Qxd5 Qxd5 20. Bc4 Ne7 21.
Bxd5+ Nxd5 22. c4 Nc3 23. c5 Be7 24. Bb2 Nd5 25. Nc4 Rf6 26. Ne5 Re6 27. Rfe1
Nb4 28. Re2 Bf6 29. a3 Nd5 30. f4 Bh4 31. Kh2 Bd8 32. g4 Rh6 33. g5 Rhe6 34.
Kg3 h6 35. h4 Ne7 36. Kf3 Ng6 37. Nxg6 Rxg6 38. e4 Rge6 39. e5 c6 40. Bc3 Be7
41. Rb2 Rd8 42. Ke3 Rb8 43. Ba5 hxg5 44. fxg5 Kf7 45. Kf4 Rh8 46. Be1 Rd8 47.
Bf2 Rb8 48. Kxf5 Bd8 49. Rab1 g6+ 50. Ke4 Re7 51. Bg3 Ke6 52. Rf2 Re8 53. Rb3
Rg8 54. Rf1 Rh8 55. Kd3 Rh7 56. Kc4 Rc8 57. Rf8 Rhc7 58. Rb1 Be7 59. Rxc8 Rxc8
60. Rxb7 Rf8 61. Rb6 Kd7 62. e6+ Kxe6 63. Rxc6+ Kf5 64. Rxa6 1-0

[Event "4NCL Division 3 North"]
[Site "Bolton, ENG"]
[Date "2019.05.05"]
[Round "10.34"]
[White "Dobson, Graham"]
[Black "Edwards, Simon R"]
[Result "1-0"]
[WhiteElo "2012"]
[BlackElo "1972"]
[PlyCount "169"]
[EventDate "2019.05.05"]
[WhiteTeam "Manchester Manticores 2"]
[BlackTeam "Cheddleton 2"]

1. g3 c5 2. Bg2 Nc6 3. c4 g6 4. Nc3 Bg7 5. Nf3 e6 6. e4 Nge7 7. d3 O-O 8. Be3
b6 9. Qd2 d5 10. Bh6 dxc4 11. Bxg7 Kxg7 12. dxc4 Ba6 13. b3 Qxd2+ 14. Nxd2 Rad8
15. O-O-O Rd3 16. Bf1 Rd7 17. f4 Rfd8 18. e5 Nd4 19. Bg2 Nef5 20. Rhe1 Bb7 21.
Bxb7 Rxb7 22. Nde4 a6 23. g4 Nh4 24. Nd6 Rbb8 25. Nce4 Ng2 26. Rh1 Ne3 27. Rd3
Nxg4 28. h3 Nh6 29. Kd2 Nhf5 30. Rd1 Nxd6 31. Nxd6 f6 32. Ke3 fxe5 33. fxe5 Rf8
34. Ke4 Rf2 35. R1d2 Rbf8 36. Ne8+ Kh6 37. Nf6 Rf5 38. Rxd4 cxd4 39. Rxd4 Kg5
40. Nxh7+ Kh4 41. Nxf8 Rxf8 42. Rd6 g5 43. Rxe6 Kxh3 44. Rxb6 Rg8 45. Kf5 g4
46. Rh6+ Kg2 47. Rg6 Rxg6 48. Kxg6 Kf1 49. e6 g3 50. e7 g2 51. e8=Q g1=Q+ 52.
Kf6 Qf2+ 53. Ke6 Qxa2 54. Qa4 Qc2 55. Kd5 Qg6 56. c5 Qg8+ 57. Kc6 Qe6+ 58. Kb7
Qd5+ 59. Kxa6 Qa8+ 60. Kb5 Qb7+ 61. Kc4 Qe4+ 62. Kb5 Qb7+ 63. Ka5 Qc7+ 64. Kb4
Qf4+ 65. Kb5 Qb8+ 66. Kc6 Qc8+ 67. Kd6 Qb8+ 68. Kd5 Qg8+ 69. Kd6 Qb8+ 70. Kd7
Qb7+ 71. Ke6 Qc8+ 72. Kd5 Qg8+ 73. Kd6 Qb8+ 74. Ke7 Qc7+ 75. Ke6 Qc8+ 76. Qd7
Qxc5 77. Qd1+ Kf2 78. Qd2+ Kf1 79. Qf4+ Kg1 80. Qg3+ Kf1 81. Qf3+ Kg1 82. Qd1+
Kf2 83. Qd2+ Kf1 84. Qd3+ Kf2 85. Qf5+ 1-0

[Event "4NCL Division 3 North"]
[Site "Bolton, ENG"]
[Date "2019.05.05"]
[Round "10.35"]
[White "Floresc, Petru"]
[Black "Lyth, John D"]
[Result "0-1"]
[WhiteElo "1967"]
[BlackElo "2042"]
[PlyCount "42"]
[EventDate "2019.05.05"]
[WhiteTeam "Cheddleton 2"]
[BlackTeam "Manchester Manticores 2"]

1. e4 e5 2. Nf3 Nc6 3. c3 Nf6 4. Qc2 Be7 5. b4 a6 6. Bc4 O-O 7. a4 d5 8. exd5
Nxd5 9. O-O Bg4 10. Qe4 Nf6 11. Qe3 e4 12. Ne1 Ne5 13. Bb3 Bd6 14. d4 exd3 15.
Nxd3 Nxd3 16. Bc2 Nxc1 17. Rxc1 Re8 18. Qg5 Re5 19. Qd2 Qe7 20. f3 Re2 21. Qd3
Bf5 0-1

[Event "4NCL Division 3 North"]
[Site "Bolton, ENG"]
[Date "2019.05.05"]
[Round "10.36"]
[White "Hymer, Barry"]
[Black "Davison, Colin F S"]
[Result "1-0"]
[WhiteElo "2042"]
[BlackElo "1856"]
[PlyCount "69"]
[EventDate "2019.05.05"]
[WhiteTeam "Manchester Manticores 2"]
[BlackTeam "Cheddleton 2"]

1. Nf3 g6 2. g3 Bg7 3. Bg2 Nf6 4. d3 d6 5. e4 Nbd7 6. O-O O-O 7. Nbd2 c6 8. a4
Qc7 9. Re1 Re8 10. a5 e5 11. b3 Nc5 12. Bb2 Bg4 13. h3 Bxf3 14. Nxf3 Rad8 15.
Qd2 Rd7 16. Qe3 b6 17. b4 Ne6 18. axb6 axb6 19. Ra6 c5 20. c3 Qb7 21. Rea1 Nc7
22. Ra7 Qc6 23. c4 cxb4 24. h4 Rdd8 25. Qd2 Nd7 26. d4 b5 27. Qxb4 bxc4 28. d5
Nxd5 29. exd5 Qxd5 30. Nxe5 Qc5 31. Qxc5 Nxc5 32. Nxc4 Bxb2 33. Nxb2 Re2 34.
Nc4 d5 35. Ra8 1-0

[Event "4NCL Division 3 North"]
[Site "Bolton, ENG"]
[Date "2019.05.05"]
[Round "10.41"]
[White "Watson, Phil R"]
[Black "Crocker, Philip J"]
[Result "1-0"]
[WhiteElo "2129"]
[BlackElo "2090"]
[PlyCount "61"]
[EventDate "2019.05.05"]
[WhiteTeam "Bradford DCA Knights B"]
[BlackTeam "Spirit of Atticus B"]

1. d4 d5 2. c4 c6 3. cxd5 cxd5 4. Nc3 Nf6 5. Bf4 Nc6 6. e3 Bf5 7. Qb3 Na5 8.
Qa4+ Bd7 9. Qc2 e6 10. Bd3 Bb4 11. Nf3 Nh5 12. Bg5 f6 13. Bh4 g5 14. g4 Bxc3+
15. bxc3 gxh4 16. gxh5 Qc7 17. Rg1 O-O-O 18. Rg7 Kb8 19. h6 Nc4 20. Qb3 e5 21.
Bf5 e4 22. Nd2 Qxh2 23. Bxd7 Nxd2 24. Kxd2 Qxf2+ 25. Kc1 Qxe3+ 26. Kb2 Qxh6 27.
Rag1 Qd2+ 28. Ka3 e3 29. Bc6 b6 30. Rxa7 Kxa7 31. Rg7+ 1-0

[Event "4NCL Division 3 North"]
[Site "Bolton, ENG"]
[Date "2019.05.05"]
[Round "10.42"]
[White "Phillips, David A"]
[Black "Dean, Robert A"]
[Result "1-0"]
[WhiteElo "2032"]
[BlackElo "1807"]
[PlyCount "101"]
[EventDate "2019.05.05"]
[WhiteTeam "Spirit of Atticus B"]
[BlackTeam "Bradford DCA Knights B"]

1. Nf3 Nf6 2. g3 d6 3. d4 c6 4. Bg2 g6 5. b3 Bg7 6. Bb2 O-O 7. O-O Nbd7 8. c4
Qb6 9. Nc3 Re8 10. e4 e5 11. dxe5 dxe5 12. Qc2 Nc5 13. h3 Nh5 14. Kh2 Be6 15.
Ba3 Rad8 16. Nd5 cxd5 17. cxd5 Rc8 18. dxe6 Nxe6 19. Qb2 Nd4 20. Rac1 Qa6 21.
Rxc8 Rxc8 22. Rc1 Rc6 23. Rxc6 Nxc6 24. Qc1 Qd3 25. Qd2 Qa6 26. Qd6 h6 27. Nd2
Qe2 28. Kg1 Nd4 29. Nf1 Qxa2 30. Qb8+ Kh7 31. Bd6 Qxb3 32. Bxe5 Bxe5 33. Qxe5
Nf3+ 34. Bxf3 Qxf3 35. Ne3 Nf6 36. Qe7 Nxe4 37. Ng4 h5 38. Qxe4 Qxe4 39. Nf6+
Kg7 40. Nxe4 b5 41. f4 Kf8 42. Kf2 Ke7 43. Ke3 Kd7 44. Kd4 Kc6 45. Ng5 f6 46.
Nh7 a5 47. Nxf6 a4 48. Nd5 a3 49. g4 hxg4 50. hxg4 Kd6 51. Nb4 1-0

[Event "4NCL Division 3 North"]
[Site "Bolton, ENG"]
[Date "2019.05.05"]
[Round "10.43"]
[White "Johnson, Paul A"]
[Black "Bimpson, Tom"]
[Result "0-1"]
[WhiteElo "1804"]
[BlackElo "1973"]
[PlyCount "64"]
[EventDate "2019.05.05"]
[WhiteTeam "Bradford DCA Knights B"]
[BlackTeam "Spirit of Atticus B"]

1. d4 d6 2. e4 Nf6 3. Nc3 Nbd7 4. f4 e5 5. Nf3 exd4 6. Nxd4 g6 7. Be2 Bg7 8.
O-O O-O 9. Bf3 Re8 10. g4 Nc5 11. Re1 Bxg4 12. e5 dxe5 13. fxe5 Bxf3 14. Nxf3
Qxd1 15. Nxd1 Ng4 16. Bf4 Nd7 17. e6 Rxe6 18. Rxe6 fxe6 19. h3 Nge5 20. Nd4 Nd3
21. Nxe6 Nxf4 22. Nxf4 Re8 23. Nf2 Bxb2 24. Rb1 Be5 25. N4d3 b6 26. Re1 Kf7 27.
Re4 Bf6 28. Rc4 c5 29. Ra4 a5 30. c4 Bd4 31. Kf1 Ne5 32. Ra3 Nxc4 0-1

[Event "4NCL Division 3 North"]
[Site "Bolton, ENG"]
[Date "2019.05.05"]
[Round "10.44"]
[White "Johnson, Michael D"]
[Black "Bramson, Mike"]
[Result "1/2-1/2"]
[WhiteElo "1954"]
[BlackElo "1786"]
[PlyCount "163"]
[EventDate "2019.05.05"]
[WhiteTeam "Spirit of Atticus B"]
[BlackTeam "Bradford DCA Knights B"]

1. Nf3 Nf6 2. g3 g6 3. Bg2 Bg7 4. O-O O-O 5. d4 d6 6. c4 Nbd7 7. Nc3 c6 8. Bg5
h6 9. Bxf6 Nxf6 10. Rc1 Bg4 11. Qd2 Qd7 12. Rfd1 Rad8 13. b3 Bh3 14. e4 Bxg2
15. Kxg2 Ne8 16. Nh4 e6 17. f4 Kh7 18. Nf3 f6 19. Qc2 Qf7 20. f5 d5 21. fxg6+
Qxg6 22. Nh4 Qf7 23. exd5+ f5 24. dxe6 Qxe6 25. d5 Qe5 26. Re1 Qxc3 27. Qxc3
Bxc3 28. Rxc3 Rf7 29. dxc6 bxc6 30. Rce3 Rd2+ 31. Kf3 Nd6 32. Re7 Kg7 33. c5
Rxe7 34. Rxe7+ Nf7 35. Rxa7 Kf6 36. h3 Rd3+ 37. Kf2 Ne5 38. Rh7 Rd2+ 39. Ke1
Rxa2 40. Rxh6+ Kg5 41. Re6 Nd3+ 42. Kf1 Nxc5 43. Re5 Nxb3 44. Rxf5+ Kh6 45.
Rf6+ Kg5 46. Rxc6 Nd4 47. Rc4 Ra1+ 48. Kf2 Ra2+ 49. Ke3 Ra3+ 50. Kxd4 Rxg3 51.
Ke5 Re3+ 52. Kd6 Rxh3 53. Ng2 Ra3 54. Nf4 Kf5 55. Nd5 Ra6+ 56. Kc5 Ke5 57. Nc3
Ra8 58. Re4+ Kf5 59. Re1 Rc8+ 60. Kd4 Rd8+ 61. Nd5 Ra8 62. Rf1+ Kg5 63. Nc7
Ra4+ 64. Ke5 Kg4 65. Nd5 Kg3 66. Nc3 Ra5+ 67. Ke4 Kg2 68. Rf8 Rg5 69. Ne2 Rg7
70. Nf4+ Kh2 71. Kf3 Rh7 72. Ra8 Kg1 73. Ra1+ Kh2 74. Kf2 Rf7 75. Ke3 Kg3 76.
Rg1+ Kh2 77. Rg4 Ra7 78. Rg2+ Kh1 79. Rg5 Kh2 80. Kf2 Ra2+ 81. Ne2 Kh3 82. Kf3
1/2-1/2

[Event "4NCL Division 3 North"]
[Site "Bolton, ENG"]
[Date "2019.05.05"]
[Round "10.45"]
[White "Winter, Kevin"]
[Black "Cooper, John G"]
[Result "1/2-1/2"]
[WhiteElo "1748"]
[BlackElo "1932"]
[PlyCount "31"]
[EventDate "2019.05.05"]
[WhiteTeam "Bradford DCA Knights B"]
[BlackTeam "Spirit of Atticus B"]

1. e4 c5 2. Nc3 e6 3. f4 d5 4. Nf3 Nc6 5. Bb5 Nf6 6. e5 Nd7 7. O-O Be7 8. Kh1
O-O 9. a4 Ndb8 10. d4 cxd4 11. Nxd4 Nxd4 12. Qxd4 Nc6 13. Qd1 f5 14. Ne2 a6 15.
Bd3 Bd7 16. Be3 1/2-1/2

[Event "4NCL Division 3 North"]
[Site "Bolton, ENG"]
[Date "2019.05.05"]
[Round "10.46"]
[White "Hulme, David I"]
[Black "Adam, David W"]
[Result "1/2-1/2"]
[WhiteElo "1862"]
[BlackElo "1794"]
[PlyCount "46"]
[EventDate "2019.05.05"]
[WhiteTeam "Spirit of Atticus B"]
[BlackTeam "Bradford DCA Knights B"]

1. e4 c5 2. Nf3 d6 3. d4 cxd4 4. Nxd4 Nf6 5. Nc3 g6 6. Be3 Bg7 7. f3 Nc6 8. Bb5
Bd7 9. O-O O-O 10. Qd2 a6 11. Be2 Rc8 12. Rad1 Re8 13. Nxc6 Bxc6 14. Kh1 Qa5
15. g4 b5 16. a3 Red8 17. Qe1 Bb7 18. Bd2 Qc7 19. Qh4 d5 20. g5 Nh5 21. exd5
Rxd5 22. Nxd5 Bxd5 23. c3 e5 1/2-1/2

[Event "4NCL Division 3 North"]
[Site "Bolton, ENG"]
[Date "2019.05.05"]
[Round "10.51"]
[White "Surtees, Mike J"]
[Black "Tyton, Adam"]
[Result "1-0"]
[WhiteElo "2192"]
[BlackElo "1930"]
[PlyCount "57"]
[EventDate "2019.05.05"]
[WhiteTeam "Bolton & Worsley"]
[BlackTeam "Manchester Manticores 3"]

1. d4 c6 2. e4 d5 3. exd5 cxd5 4. c4 Nf6 5. Nc3 e6 6. Nf3 Bb4 7. cxd5 Nxd5 8.
Qc2 Nc6 9. a3 Ba5 10. Bg5 Qd7 11. Rd1 O-O 12. Bd3 h6 13. Bc1 a6 14. O-O Nxc3
15. bxc3 b5 16. a4 b4 17. c4 Bb7 18. d5 exd5 19. cxd5 Ne7 20. d6 Rfc8 21. Qb1
Nd5 22. Bh7+ Kh8 23. Bf5 Qxa4 24. Bxc8 Rxc8 25. Qf5 Nc3 26. Rde1 Qa2 27. d7 Rg8
28. Ng5 g6 29. Qf6+ 1-0